[Event "GX Alekhine Open de Outono 2023"]
[Site "Lisboa, Portugal"]
[Date "????.??.??"]
[Round "1.4"]
[White "Rodrigues, Miguel Tiago Melfe"]
[Black "Maria, Antonio Jose Conceicao"]
[Result "1-0"]
[WhiteElo "1579"]
[BlackElo "1410"]
[PlyCount "49"]

{[%evp 0,49,17,24,24,6,1,1,28,-61,30,-11,-10,-8,29,-23,-17,-50,-45,-32,1,-243,-149,-171,-96,-100,-12,-8,-7,-7,36,15,26,-38,-38,-37,-21,-5,0,-5,-5,-15,-18,-102,1445,2319,29985,2454,29987,1224,1545,642]} 1. d4 {[%emt 0:00:09]} Nf6 {[%emt 0:00:29]} 2. c4 {[%emt 0:00:42]} e6 {[%emt 0:00:10]} 3. Nc3 {[%emt 0:00:22]} Bb4 {[%emt 0:00:10]} 4. f3 {[%emt 0:00:35]} b6 {[%emt 0:01:05]} 5. a3 {[%emt 0:03:04]} Bxc3+ {[%emt 0:00:33]} 6. bxc3 {[%emt 0:00:12]} Ba6 {[%emt 0:00:17]} 7. e3 {[%emt 0:04:27]} Nc6 {[%emt 0:00:58]} 8. Bd3 {[%emt 0:04:19]} Na5 {[%emt 0:03:26]} 9. Qe2 {[%emt 0:18:50]} O-O {[%emt 0:04:31]} 10. d5 {[%emt 0:11:49]} Qe7 {[%emt 0:08:35]} 11. a4 {[%emt 0:03:54]} c5 {[%emt 0:20:19]} 12. e4 {[%emt 0:11:53]} h6 {[%emt 0:05:21]} 13. d6 {[%emt 0:05:35]} Qd8 {[%emt 0:02:39]} 14. e5 {[%emt 0:02:04]} Ne8 {[%emt 0:02:03]} 15. h4 {[%emt 0:16:23]} f6 {[%emt 0:06:02]} 16. Bf4 {[%emt 0:03:01]} fxe5 {[%emt 0:04:51]} 17. Bxe5 {[%emt 0:01:00]} Nc6 {[%emt 0:08:15]} 18. f4 {[%emt 0:06:50]} Nf6 {[%emt 0:06:35]} 19. h5 {[%emt 0:00:46]} Bb7 {[%emt 0:04:16]} 20. Nf3 {[%emt 0:00:25]} Ng4 {[%emt 0:03:27]} 21. Qe4 {[%emt 0:01:41]} Ncxe5 {[%emt 0:08:32]} 22. Qh7+ {[%emt 0:00:45]} Kf7 {[%emt 0:00:05]} 23. fxe5 {[%emt 0:00:19]} Rg8 {[%emt 0:07:15]} 24. Qg6+ {[%emt 0:01:50]} Kf8 {[%emt 0:00:54]} 25. Qxg4 {[%emt 0:00:25]} 1-0

[Event "GX Alekhine Open de Outono 2023"]
[Site "Lisboa, Portugal"]
[Date "????.??.??"]
[Round "1.1"]
[White "Andrade, Pedro Tome Cacao De"]
[Black "Descamps, Bert"]
[Result "1/2-1/2"]
[WhiteElo "1448"]
[BlackElo "1786"]
[PlyCount "52"]

{[%evp 0,52,17,18,64,66,66,50,50,34,33,9,7,-7,4,-9,-5,-23,25,0,43,43,55,20,30,-40,-38,-55,-52,-37,-42,-43,-32,-32,-36,-36,-36,-31,14,1,-6,0,0,0,-8,0,-8,0,16,0,34,40,40,26,23]} 1. Nf3 {[%emt 0:00:02]} f5 {[%emt 0:00:12]} 2. g3 {[%emt 0:02:05]} Nf6 {[%emt 0:00:08]} 3. d4 {[%emt 0:01:17]} e6 {[%emt 0:00:14]} 4. Bg5 {[%emt 0:01:10]} Be7 {[%emt 0:00:36]} 5. Bxf6 {[%emt 0:01:42]} Bxf6 {[%emt 0:00:26]} 6. Nbd2 {[%emt 0:00:34]} d5 {[%emt 0:01:50]} 7. e3 {[%emt 0:02:24]} O-O {[%emt 0:01:46]} 8. c4 {[%emt 0:06:39]} c6 {[%emt 0:04:10]} 9. Bd3 {[%emt 0:02:56]} Nd7 {[%emt 0:04:54]} 10. O-O {[%emt 0:05:44]} a5 {[%emt 0:04:07]} 11. a3 {[%emt 0:06:05]} g6 {[%emt 0:06:56]} 12. b4 {[%emt 0:01:45]} e5 {[%emt 0:06:07]} 13. dxe5 {[%emt 0:00:03]} Nxe5 {[%emt 0:00:39]} 14. Nxe5 {[%emt 0:01:27]} Bxe5 {[%emt 0:00:20]} 15. Rb1 {[%emt 0:00:11]} axb4 {[%emt 0:03:02]} 16. axb4 {[%emt 0:00:27]} Be6 {[%emt 0:08:07]} 17. cxd5 {[%emt 0:02:53]} Bxd5 {[%emt 0:05:43]} 18. Bc4 {[%emt 0:00:16]} Rf7 {[%emt 0:13:47]} 19. Bxd5 {[%emt 0:03:44]} Qxd5 {[%emt 0:01:18]} 20. Nf3 {[%emt 0:00:45]} Qxd1 {[%emt 0:02:45]} 21. Rfxd1 {[%emt 0:00:14]} Bf6 {[%emt 0:00:29]} 22. Rd6 {[%emt 0:02:06]} Rd8 {[%emt 0:07:49]} 23. Rxd8+ {[%emt 0:04:05]} Bxd8 {[%emt 0:01:22]} 24. b5 {[%emt 0:01:51]} cxb5 {[%emt 0:08:10]} 25. Rxb5 {[%emt 0:00:04]} Bf6 {[%emt 0:01:43]} 26. h4 {[%emt 0:01:42]} Rd7 {[%emt 0:01:09]} 1/2-1/2

[Event "GX Alekhine Open de Outono 2023"]
[Site "Lisboa, Portugal"]
[Date "????.??.??"]
[Round "1.2"]
[White "Aguiar, Carlos Alberto Branco Levy De"]
[Black "Tacuchian, Marcelo De Oliveira"]
[Result "1-0"]
[WhiteElo "1712"]
[BlackElo "1441"]
[PlyCount "75"]

1. e4 {[%emt 0:00:02]} c6 {[%emt 0:00:16]} 2. d3 {[%emt 0:00:11]} d5 {[%emt 0:00:18]} 3. Nd2 {[%emt 0:00:08]} Nd7 {[%emt 0:01:08]} 4. g3 {[%emt 0:00:36]} Ngf6 {[%emt 0:00:46]} 5. Bg2 {[%emt 0:00:22]} Qb6 {[%emt 0:02:40]} 6. Ngf3 {[%emt 0:02:40]} e6 {[%emt 0:02:23]} 7. O-O {[%emt 0:02:18]} dxe4 {[%emt 0:04:04]} 8. dxe4 {[%emt 0:00:15]} g6 {[%emt 0:02:31]} 9. c3 {[%emt 0:02:40]} Be7 {[%emt 0:02:39]} 10. Nc4 {[%emt 0:03:38]} Qd8 {[%emt 0:00:07]} 11. Re1 {[%emt 0:01:11]} O-O {[%emt 0:00:24]} 12. Bh6 {[%emt 0:09:34]} Re8 {[%emt 0:00:59]} 13. Nd6 {[%emt 0:00:37]} Bxd6 {[%emt 0:01:31]} 14. Qxd6 {[%emt 0:00:12]} Ng4 {[%emt 0:05:25]} 15. Bg5 {[%emt 0:03:41]} f6 {[%emt 0:06:39]} 16. h3 {[%emt 0:36:24]} fxg5 {[%emt 0:05:18]} 17. hxg4 {[%emt 0:01:10]} h6 {[%emt 0:12:49]} 18. e5 {[%emt 0:06:52]} Qb6 {[%emt 0:02:24]} 19. b3 {[%emt 0:00:11]} Kf7 {[%emt 0:04:04]} 20. Rad1 {[%emt 0:01:16]} Qa5 {[%emt 0:02:34]} 21. Qd2 {[%emt 0:00:48]} Qc7 {[%emt 0:09:00]} 22. Bf1 {[%emt 0:03:24]} b5 {[%emt 0:05:41]} 23. Qe3 {[%emt 0:02:40]} Nb6 {[%emt 0:03:32]} 24. Qc5 {[%emt 0:04:15]} Nd7 {[%emt 0:03:46]} 25. Qd4 {[%emt 0:02:16]} Rd8 {[%emt 0:02:14]} 26. c4 {[%emt 0:00:53]} a6 {[%emt 0:00:27]} 27. c5 {[%emt 0:00:10]} Bb7 {[%emt 0:00:56]} 28. Qe3 {[%emt 0:00:33]} Qa5 {[%emt 0:03:32]} 29. Rd6 {[%emt 0:05:32]} Nf8 {[%emt 0:05:29]} 30. Red1 {[%emt 0:01:45]} Rxd6 {[%emt 0:01:10]} 31. exd6 {[%emt 0:00:11]} Nd7 {[%emt 0:01:17]} 32. Ne5+ {[%emt 0:02:57]} Nxe5 {[%emt 0:00:41]} 33. Qxe5 {[%emt 0:00:11]} Rd8 {[%emt 0:01:16]} 34. Rd3 {[%emt 0:00:30]} Bc8 {[%emt 0:03:35]} 35. Rf3+ {[%emt 0:00:10]} Kg8 {[%emt 0:01:50]} 36. Qf6 {[%emt 0:00:24]} e5 {[%emt 0:02:04]} 37. Qxg6+ {[%emt 0:00:46]} Kh8 {[%emt 0:00:38]} 38. Rf7 {[%emt 0:00:24]} 1-0

[Event "GX Alekhine Open de Outono 2023"]
[Site "Lisboa, Portugal"]
[Date "????.??.??"]
[Round "1.3"]
[White "Bravo, Ricardo Antonio Rodrigues Picarra"]
[Black "Dias, Antonio Alberto"]
[Result "1-0"]
[WhiteElo "1433"]
[BlackElo "1643"]
[PlyCount "170"]

{[%evp 0,170,17,24,24,6,6,1,24,28,29,0,3,8,9,11,-6,-11,46,50,62,47,26,39,58,62,61,62,85,78,84,66,71,11,78,68,79,79,110,58,120,99,126,99,138,88,88,86,92,76,83,81,83,73,105,105,111,105,105,127,141,44,31,65,40,40,65,66,113,117,304,309,315,317,386,409,412,320,455,434,562,549,561,445,444,458,460,279,280,280,287,287,293,282,291,295,318,291,305,325,331,331,386,314,331,317,364,399,448,331,331,305,449,381,381,289,402,229,239,260,401,400,400,305,320,217,210,198,213,194,373,130,140,122,121,120,121,120,120,120,117,107,117,117,117,107,105,110,108,80,78,80,77,80,89,83,83,83,83,83,96,83,91,83,83,62,56,36,28,0,22,7,0]} 1. d4 {[%emt 0:00:03]} Nf6 {[%emt 0:00:24]} 2. c4 {[%emt 0:00:07]} e6 {[%emt 0:00:24]} 3. Nc3 {[%emt 0:00:45]} Bb4 {[%emt 0:00:31]} 4. Nf3 {[%emt 0:01:51]} O-O {[%emt 0:01:43]} 5. Qc2 {[%emt 0:04:46]} d5 {[%emt 0:02:13]} 6. e3 {[%emt 0:02:31]} c5 {[%emt 0:00:51]} 7. dxc5 {[%emt 0:02:35]} Nc6 {[%emt 0:03:56]} 8. cxd5 {[%emt 0:02:16]} Nxd5 {[%emt 0:00:36]} 9. Bd2 {[%emt 0:08:06]} Bxc5 {[%emt 0:00:54]} 10. a3 {[%emt 0:05:17]} Nf6 {[%emt 0:10:56]} 11. Bd3 {[%emt 0:02:33]} h6 {[%emt 0:02:39]} 12. Ne4 {[%emt 0:01:32]} Be7 {[%emt 0:01:01]} 13. O-O {[%emt 0:03:17]} Nxe4 {[%emt 0:00:51]} 14. Bxe4 {[%emt 0:01:14]} Bd7 {[%emt 0:00:06]} 15. Rac1 {[%emt 0:07:00]} Rc8 {[%emt 0:02:26]} 16. Qb1 {[%emt 0:16:57]} b5 {[%emt 0:12:22]} 17. Rfd1 {[%emt 0:02:45]} f5 {[%emt 0:09:19]} 18. Bc2 {[%emt 0:09:09]} Bf6 {[%emt 0:01:02]} 19. Qa2 {[%emt 0:01:07]} g6 {[%emt 0:03:10]} 20. e4 {[%emt 0:02:14]} Kg7 {[%emt 0:00:27]} 21. exf5 {[%emt 0:02:59]} exf5 {[%emt 0:00:44]} 22. Bc3 {[%emt 0:07:47]} Bxc3 {[%emt 0:00:51]} 23. bxc3 {[%emt 0:00:10]} Qc7 {[%emt 0:04:55]} 24. Qd5 {[%emt 0:01:13]} Nb8 {[%emt 0:00:21]} 25. Bb3 {[%emt 0:04:08]} Bc6 {[%emt 0:02:45]} 26. Qd4+ {[%emt 0:01:07]} Rf6 {[%emt 0:02:50]} 27. Ne5 {[%emt 0:04:43]} Be8 {[%emt 0:01:51]} 28. Qd5 {[%emt 0:01:20]} Bc6 {[%emt 0:01:21]} 29. Qd4 {[%emt 0:02:50]} Re8 {[%emt 0:03:59]} 30. Nxc6 {[%emt 0:02:23]} Nxc6 {[%emt 0:00:19]} 31. Qd5 {[%emt 0:00:19]} a6 {[%emt 0:00:31]} 32. a4 {[%emt 0:00:35]} Na5 {[%emt 0:02:56]} 33. axb5 {[%emt 0:00:40]} axb5 {[%emt 0:00:24]} 34. Qxb5 {[%emt 0:00:40]} Nxb3 {[%emt 0:01:22]} 35. Rd7+ {[%emt 0:00:09]} Qxd7 {[%emt 0:00:32]} 36. Qxd7+ {[%emt 0:00:15]} Rf7 {[%emt 0:00:26]} 37. Qxe8 {[%emt 0:00:21]} Nxc1 {[%emt 0:00:06]} 38. Qe5+ {[%emt 0:00:31]} Rf6 {[%emt 0:01:00]} 39. Kf1 {[%emt 0:00:19]} Kf7 {[%emt 0:00:51]} 40. c4 {[%emt 0:00:42]} Re6 {[%emt 0:00:37]} 41. Qd5 {[%emt 0:00:41]} Ne2 {[%emt 0:00:41]} 42. c5 {[%emt 0:00:50]} Nf4 {[%emt 0:01:20]} 43. Qd7+ {[%emt 0:00:26]} Re7 {[%emt 0:00:40]} 44. Qd2 {[%emt 0:00:27]} Ne6 {[%emt 0:00:24]} 45. c6 {[%emt 0:00:24]} h5 {[%emt 0:00:29]} 46. Qd5 {[%emt 0:00:40]} Kf6 {[%emt 0:01:22]} 47. g3 {[%emt 0:00:29]} g5 {[%emt 0:00:29]} 48. h3 {[%emt 0:00:17]} g4 {[%emt 0:02:13]} 49. hxg4 {[%emt 0:00:18]} hxg4 {[%emt 0:00:04]} 50. Qd6 {[%emt 0:00:41]} Kf7 {[%emt 0:00:22]} 51. Kg2 {[%emt 0:00:43]} Kf6 {[%emt 0:00:41]} 52. Kg1 {[%emt 0:00:51]} Kf7 {[%emt 0:00:09]} 53. Qe5 {[%emt 0:00:23]} Ng7 {[%emt 0:00:08]} 54. Qd5+ {[%emt 0:00:17]} Kf6 {[%emt 0:00:18]} 55. Qd4+ {[%emt 0:00:20]} Kf7 {[%emt 0:00:09]} 56. Qc4+ {[%emt 0:00:10]} Ne6 {[%emt 0:00:09]} 57. Kg2 {[%emt 0:00:14]} Kf6 {[%emt 0:00:33]} 58. f3 {[%emt 0:00:08]} gxf3+ {[%emt 0:00:03]} 59. Kxf3 {[%emt 0:00:10]} Ng5+ {[%emt 0:00:10]} 60. Kg2 {[%emt 0:00:22]} Ne6 {[%emt 0:00:10]} 61. Qd5 {[%emt 0:00:32]} Nc7 {[%emt 0:01:06]} 62. Qd4+ {[%emt 0:01:13]} Ke6 {[%emt 0:01:16]} 63. Kf3 {[%emt 0:00:28]} Nd5 {[%emt 0:00:21]} 64. Qc5 {[%emt 0:00:39]} Rc7 {[%emt 0:00:23]} 65. Ke2 {[%emt 0:00:53]} Ne7 {[%emt 0:00:16]} 66. Kd3 {[%emt 0:00:42]} Rxc6 {[%emt 0:00:14]} 67. Qe3+ {[%emt 0:00:37]} Kf7 {[%emt 0:00:23]} 68. Qf4 {[%emt 0:00:42]} Rg6 {[%emt 0:00:50]} 69. Qc4+ {[%emt 0:00:38]} Kf6 {[%emt 0:00:21]} 70. Qd4+ {[%emt 0:00:12]} Kf7 {[%emt 0:00:56]} 71. Qc4+ {[%emt 0:00:37]} Kf8 {[%emt 0:00:03]} 72. Qf4 {[%emt 0:00:27]} Rg4 {[%emt 0:00:30]} 73. Qh6+ {[%emt 0:00:33]} Kf7 {[%emt 0:00:29]} 74. Qh5+ {[%emt 0:00:24]} Ke6 {[%emt 0:00:31]} 75. Qh6+ {[%emt 0:00:34]} Ng6 {[%emt 0:00:16]} 76. Qe3+ {[%emt 0:00:29]} Kf6 {[%emt 0:01:00]} 77. Qb6+ {[%emt 0:00:20]} Kg5 {[%emt 0:00:45]} 78. Qd8+ {[%emt 0:00:22]} Kh5 {[%emt 0:00:24]} 79. Qd6 {[%emt 0:00:46]} Re4 {[%emt 0:03:01]} 80. Kc3 {[%emt 0:01:07]} Kg5 {[%emt 0:01:00]} 81. Qd2+ {[%emt 0:00:18]} Kg4 {[%emt 0:01:17]} 82. Qf2 {[%emt 0:00:13]} Ne5 {[%emt 0:00:30]} 83. Kc2 {[%emt 0:00:56]} Nf3 {[%emt 0:00:24]} 84. Kb3 {[%emt 0:00:37]} Re1 {[%emt 0:00:46]} 85. Kb4 {[%emt 0:00:29]} Rg1 {[%emt 0:00:10]} 1-0

[Event "GX Alekhine Open de Outono 2023"]
[Site "Lisboa, Portugal"]
[Date "????.??.??"]
[Round "2.4"]
[White "Placido, Guilherme Bogalho"]
[Black "Seia, Joao Manuel Barradas Aragão"]
[Result "1-0"]
[WhiteElo "1450"]
[BlackElo "1535"]
[PlyCount "105"]

{[%evp 0,105,17,24,24,6,0,0,19,11,2,16,18,2,18,7,9,-11,11,-7,-7,-1,-1,-1,-9,-14,-16,10,-22,-12,29,-52,-17,-130,-50,-151,-127,-125,-126,-126,-129,-124,-112,-137,-86,-123,-73,-84,-66,-138,-75,-81,-17,-5,-16,-11,-20,-17,-9,-84,45,-44,-41,-48,-48,-72,-32,-51,-14,-12,-28,-27,-34,-97,-26,-31,-41,-78,-72,-58,20,22,-13,-44,-4,-31,-62,-68,0,-112,-111,-145,-146,-145,59,18,217,173,685,70,29995,3,30,-12,1362,1734,29995,29996]} 1. d4 {[%emt 0:00:01]} d5 {[%emt 0:00:24]} 2. c4 {[%emt 0:00:09]} e6 {[%emt 0:00:06]} 3. Nc3 {[%emt 0:00:05]} Bb4 {[%emt 0:00:04]} 4. a3 {[%emt 0:00:08]} Bxc3+ {[%emt 0:02:43]} 5. bxc3 {[%emt 0:00:09]} Nf6 {[%emt 0:03:13]} 6. Nf3 {[%emt 0:00:39]} O-O {[%emt 0:00:56]} 7. Bg5 {[%emt 0:00:36]} h6 {[%emt 0:00:25]} 8. Bh4 {[%emt 0:00:53]} Nbd7 {[%emt 0:03:52]} 9. cxd5 {[%emt 0:01:09]} exd5 {[%emt 0:00:43]} 10. e3 {[%emt 0:00:07]} c5 {[%emt 0:03:02]} 11. Bd3 {[%emt 0:01:57]} Qa5 {[%emt 0:03:08]} 12. Qc1 {[%emt 0:09:22]} cxd4 {[%emt 0:06:07]} 13. Nxd4 {[%emt 0:01:33]} Nc5 {[%emt 0:01:21]} 14. Bb1 {[%emt 0:05:28]} Nfe4 {[%emt 0:04:18]} 15. Bxe4 {[%emt 0:00:57]} Nxe4 {[%emt 0:03:00]} 16. Ne2 {[%emt 0:01:21]} Bf5 {[%emt 0:05:06]} 17. f3 {[%emt 0:04:46]} Nc5 {[%emt 0:00:34]} 18. Qd1 {[%emt 0:07:16]} Nd3+ {[%emt 0:03:00]} 19. Kf1 {[%emt 0:00:17]} Rfe8 {[%emt 0:04:21]} 20. Bf2 {[%emt 0:02:46]} Nb2 {[%emt 0:07:59]} 21. Qc1 {[%emt 0:03:10]} Nd3 {[%emt 0:03:04]} 22. Qd2 {[%emt 0:01:54]} Rac8 {[%emt 0:01:47]} 23. g4 {[%emt 0:02:47]} Bh7 {[%emt 0:00:59]} 24. h4 {[%emt 0:00:58]} Ne5 {[%emt 0:02:32]} 25. Kg2 {[%emt 0:02:33]} Nxf3 {[%emt 0:04:12]} 26. Kxf3 {[%emt 0:01:23]} Be4+ {[%emt 0:00:07]} 27. Kg3 {[%emt 0:00:18]} Bxh1 {[%emt 0:00:51]} 28. Rxh1 {[%emt 0:00:19]} Qxa3 {[%emt 0:02:26]} 29. g5 {[%emt 0:01:49]} h5 {[%emt 0:01:03]} 30. g6 {[%emt 0:01:20]} Qd6+ {[%emt 0:01:43]} 31. Nf4 {[%emt 0:00:13]} fxg6 {[%emt 0:00:56]} 32. Rg1 Rf8 {[%emt 0:05:03]} 33. Kh2 Rf6 {[%emt 0:02:57]} 34. Rg5 Rf5 35. Rxg6 Qe5 36. Qa2 Kh7 37. Re6 Qxc3 38. Qb1 Qc2 39. Qg1 Rf6 40. Re7 Rg8 41. Kh1 Qf5 42. Be1 d4 43. Bd2 Qc5 44. Re4 Qc6 45. Qg2 dxe3 46. Bxe3 Qb5 47. Bd4 Qb1+ 48. Kh2 Rc6 49. Re7 Qf5 50. Qg3 Qg4 51. Qd3+ Kh6 52. Be3 Qxh4+ 53. Nh3+ 1-0

[Event "GX Alekhine Open de Outono 2023"]
[Site "Lisboa, Portugal"]
[Date "????.??.??"]
[Round "2.2"]
[White "Dias, Antonio Alberto"]
[Black "Correia, Pedro Mourao Soares"]
[Result "1-0"]
[WhiteElo "1643"]
[BlackElo "1452"]
[PlyCount "92"]

1. c4 {[%emt 0:00:31]} e5 {[%emt 0:05:02]} 2. Nc3 {[%emt 0:01:16]} Nf6 {[%emt 0:03:03]} 3. e3 {[%emt 0:02:18]} Be7 {[%emt 0:01:56]} 4. d4 {[%emt 0:00:23]} exd4 {[%emt 0:01:22]} 5. exd4 {[%emt 0:00:08]} c6 {[%emt 0:02:05]} 6. Bd3 {[%emt 0:00:44]} d5 {[%emt 0:01:17]} 7. c5 {[%emt 0:02:08]} Bg4 {[%emt 0:02:30]} 8. Nge2 {[%emt 0:00:43]} Nbd7 {[%emt 0:03:21]} 9. O-O {[%emt 0:00:17]} b6 {[%emt 0:01:21]} 10. f3 {[%emt 0:00:20]} Bh5 {[%emt 0:05:25]} 11. cxb6 {[%emt 0:00:14]} axb6 {[%emt 0:01:14]} 12. Ng3 {[%emt 0:00:23]} Bg6 {[%emt 0:05:05]} 13. Nf5 {[%emt 0:00:14]} Bxf5 {[%emt 0:02:00]} 14. Bxf5 {[%emt 0:00:07]} O-O {[%emt 0:00:42]} 15. Be3 {[%emt 0:01:04]} Bd6 {[%emt 0:06:48]} 16. Qd2 {[%emt 0:01:59]} Qc7 {[%emt 0:02:51]} 17. g3 {[%emt 0:00:06]} Rfe8 {[%emt 0:01:37]} 18. Rfe1 {[%emt 0:02:44]} b5 {[%emt 0:06:16]} 19. Rac1 {[%emt 0:00:18]} Qb7 {[%emt 0:01:24]} 20. Bb1 {[%emt 0:01:53]} Nb6 {[%emt 0:01:59]} 21. b3 {[%emt 0:00:41]} Qd7 {[%emt 0:02:30]} 22. Kg2 {[%emt 0:00:29]} Bb4 {[%emt 0:01:33]} 23. Re2 {[%emt 0:02:50]} Kh8 {[%emt 0:06:23]} 24. Qd3 {[%emt 0:00:44]} g6 {[%emt 0:00:21]} 25. Rec2 {[%emt 0:00:56]} Re6 {[%emt 0:01:05]} 26. Ne2 {[%emt 0:03:35]} Ba3 {[%emt 0:10:24]} 27. Rd1 {[%emt 0:01:22]} Ng8 {[%emt 0:03:33]} 28. Nf4 {[%emt 0:02:52]} Re7 {[%emt 0:01:07]} 29. h4 {[%emt 0:00:34]} Rae8 {[%emt 0:01:46]} 30. Re2 {[%emt 0:00:36]} Bd6 {[%emt 0:01:21]} 31. Rde1 {[%emt 0:01:39]} Bb4 {[%emt 0:05:11]} 32. Rf1 {[%emt 0:03:33]} f5 {[%emt 0:01:09]} 33. Rff2 {[%emt 0:01:19]} Bd6 {[%emt 0:00:33]} 34. Nh3 {[%emt 0:01:02]} Qc7 {[%emt 0:02:59]} 35. Bg5 {[%emt 0:00:58]} Rxe2 {[%emt 0:02:42]} 36. Rxe2 {[%emt 0:00:10]} Rxe2+ {[%emt 0:02:13]} 37. Qxe2 {[%emt 0:00:05]} h6 {[%emt 0:02:19]} 38. Bxh6 {[%emt 0:00:06]} Nxh6 {[%emt 0:00:29]} 39. Qe8+ {[%emt 0:00:06]} Kg7 {[%emt 0:01:34]} 40. h5 {[%emt 0:00:08]} Qf7 {[%emt 0:02:03]} 41. Qxc6 {[%emt 0:00:22]} Bc7 {[%emt 0:00:28]} 42. hxg6 {[%emt 0:00:19]} Qe7 {[%emt 0:00:24]} 43. Bd3 {[%emt 0:01:00]} Bd8 {[%emt 0:01:09]} 44. Nf4 {[%emt 0:01:17]} Kh8 {[%emt 0:01:02]} 45. Bxb5 {[%emt 0:01:03]} Qe3 {[%emt 0:00:29]} 46. Ne6 {[%emt 0:00:34]} Ng4 1-0

[Event "GX Alekhine Open de Outono 2023"]
[Site "Lisboa, Portugal"]
[Date "????.??.??"]
[Round "2.1"]
[White "Goncalves, Carlos Manuel Marques"]
[Black "Aguiar, Carlos Alberto Branco Levy De"]
[Result "1/2-1/2"]
[WhiteElo "1528"]
[BlackElo "1712"]
[PlyCount "104"]

{[%evp 0,104,17,24,24,6,6,-17,-26,-21,10,6,21,15,57,29,50,57,44,63,63,67,68,54,59,40,80,61,77,76,87,54,84,88,88,45,45,50,57,51,76,28,66,39,74,51,46,-8,65,56,65,64,84,78,96,41,40,39,51,54,65,61,102,70,81,51,49,47,54,20,54,23,19,19,19,10,12,7,5,10,8,0,0,0,0,0,0,0,0,0,7,0,0,0,7,0,-11,0,10,0,0,0,0,-2,8,-90,-68]} 1. d4 {[%emt 0:00:09]} Nf6 {[%emt 0:00:13]} 2. c4 {[%emt 0:00:15]} e6 {[%emt 0:00:49]} 3. g3 {[%emt 0:01:20]} d5 {[%emt 0:01:12]} 4. Nf3 {[%emt 0:00:36]} c6 {[%emt 0:02:36]} 5. Bg2 {[%emt 0:00:39]} h6 {[%emt 0:00:21]} 6. O-O {[%emt 0:00:23]} Bd6 {[%emt 0:00:34]} 7. Qc2 {[%emt 0:02:08]} O-O {[%emt 0:00:25]} 8. Nbd2 {[%emt 0:00:57]} Nbd7 {[%emt 0:00:44]} 9. e4 {[%emt 0:00:34]} dxe4 {[%emt 0:00:23]} 10. Nxe4 {[%emt 0:00:15]} Nxe4 {[%emt 0:00:10]} 11. Qxe4 {[%emt 0:00:34]} Nf6 {[%emt 0:00:11]} 12. Qc2 {[%emt 0:01:19]} Re8 {[%emt 0:16:45]} 13. Rd1 {[%emt 0:04:13]} Qe7 {[%emt 0:06:34]} 14. Bd2 {[%emt 0:06:56]} Bd7 {[%emt 0:03:13]} 15. a3 {[%emt 0:02:33]} Rac8 {[%emt 0:00:42]} 16. Ne5 {[%emt 0:04:22]} b5 {[%emt 0:04:00]} 17. Nxd7 {[%emt 0:02:05]} Qxd7 {[%emt 0:01:09]} 18. b3 {[%emt 0:01:45]} Red8 {[%emt 0:10:12]} 19. Bc3 {[%emt 0:06:46]} Be7 {[%emt 0:00:45]} 20. Bb4 {[%emt 0:03:09]} a6 {[%emt 0:08:05]} 21. Qe2 {[%emt 0:04:12]} Bf8 {[%emt 0:11:00]} 22. Qf3 {[%emt 0:06:23]} Qa7 {[%emt 0:03:56]} 23. Bd2 {[%emt 0:08:34]} Be7 {[%emt 0:00:30]} 24. Be3 {[%emt 0:00:23]} Qc7 {[%emt 0:07:06]} 25. a4 {[%emt 0:04:03]} bxa4 {[%emt 0:04:36]} 26. Rxa4 {[%emt 0:00:46]} a5 {[%emt 0:02:45]} 27. Bd2 {[%emt 0:02:43]} Rxd4 {[%emt 0:01:11]} 28. Bxa5 {[%emt 0:00:15]} Rxd1+ {[%emt 0:00:41]} 29. Qxd1 {[%emt 0:00:02]} Qb7 {[%emt 0:02:58]} 30. Bc3 {[%emt 0:02:32]} Ra8 {[%emt 0:01:31]} 31. Rxa8+ {[%emt 0:04:55]} Qxa8 {[%emt 0:00:02]} 32. Qa1 {[%emt 0:00:21]} Qxa1+ {[%emt 0:03:12]} 33. Bxa1 {[%emt 0:00:03]} c5 {[%emt 0:00:10]} 34. Kf1 {[%emt 0:02:03]} Nd7 {[%emt 0:03:15]} 35. Ke2 {[%emt 0:00:16]} Bf6 {[%emt 0:00:48]} 36. Bxf6 {[%emt 0:01:07]} Nxf6 {[%emt 0:00:03]} 37. h3 {[%emt 0:00:32]} Kf8 {[%emt 0:00:08]} 38. Kd3 {[%emt 0:00:10]} Ke7 {[%emt 0:00:12]} 39. Kc3 {[%emt 0:00:22]} Kd6 {[%emt 0:00:09]} 40. b4 {[%emt 0:00:23]} cxb4+ {[%emt 0:00:12]} 41. Kxb4 {[%emt 0:00:17]} Nd7 {[%emt 0:00:08]} 42. f4 {[%emt 0:01:57]} Nc5 {[%emt 0:00:49]} 43. Kc3 {[%emt 0:00:43]} f6 {[%emt 0:00:11]} 44. Bf3 {[%emt 0:01:56]} Na4+ {[%emt 0:01:21]} 45. Kb3 {[%emt 0:00:30]} Nc5+ {[%emt 0:00:17]} 46. Kc3 {[%emt 0:00:06]} Na4+ {[%emt 0:00:20]} 47. Kb3 {[%emt 0:00:04]} Nc5+ {[%emt 0:00:14]} 48. Kc3 {[%emt 0:00:36]} Na4+ 49. Kb4 {[%emt 0:00:01]} Nc5 {[%emt 0:00:02]} 50. Kc3 {[%emt 0:00:01]} e5 {[%emt 0:00:12]} 51. fxe5+ {[%emt 0:00:11]} fxe5 {[%emt 0:00:06]} 52. Bh5 {[%emt 0:00:15]} Ne4+ {[%emt 0:00:03]} 1/2-1/2